000 00533nam a2200205 4500
001 135802
003 ES-MaACL
005 20230906194948.0
007 t|
008 070214s1956 sp r ||||1| spa d
100 1 _aRuiz Ayúcar, Angel.
_9100662
245 1 4 _aLas dos barajas /
_cAngel Ruiz Ayúcar.
250 _a1ª ed.
260 _aBarcelona :
_bLuis de Caralt,
_c1956.
300 _a371 p. ;
_c20 cm.
490 1 _aGigante
830 0 _aGigante
_9181050
852 _aES-MaACL
_jC-11396
_bR.39277
999 _c135802
_d135802